00000000cam 2200000zi 4500
0019.930564
003CaOODSP
00520251211105248
006m     o  d f      
007cr cn|||||||||
008231120s1993    nkca    o    f000 0 eng d
040 |aCaOODSP|beng|erda|cCaOODSP
041 |aeng|afre
043 |an-cn-nk
0861 |aEn37-656/1993-PDF
24500|aCanada-New Brunswick Water/Economy Agreement = |bEntente Canada-Nouveau-Brunswick eau/économie.
24611|aEntente Canada-Nouveau-Brunswick eau/économie
264 1|aFredericton, NB : |bNew Brunswick Department of the Environment = Le ministère de l'environnement du Nouveau-Brunswick, |c[1993]
300 |a1 online resource (2 unnumbered pages) : |billustrations
336 |atext|btxt|2rdacontent
337 |acomputer|bc|2rdamedia
338 |aonline resource|bcr|2rdacarrier
500 |aCaption title.
500 |aDigitized edition from print [produced by Environment and Climate Change Canada].
520 |a"Clean water, and plenty of it, is crucially important to New Brunswick's agriculture, fisheries, forestry and tourism industries. And without clean, abundant water supplies, the development of new employment opportunities in the province will be limited, and the quality of life will diminish. There will be four types of work-shared programs under the Canada-New Brunswick Water/Economy Agreement: an estuaries program; a water resource program; a program to research the economic considerations involved in managing water resources effectively; and a public information program"--Protecting New Brunswick's water, page [1].
546 |aText in English and French.
650 0|aWater quality management|xGovernment policy|zNew Brunswick.
650 0|aWater resources development|xEconomic aspects|zNew Brunswick.
7101 |aNew Brunswick.|bDepartment of the Environment, |eissuing body.
7101 |aCanada.|bEnvironment Canada. |bAtlantic Region, |eissuing body.
7101 |aCanada.|bEnvironment Canada. |bWater Resources Directorate, |eissuing body.
788 |tCanada-New Brunswick Water/Economy Agreement = |efre|w(CaOODSP)9.958164
85640|qPDF|s4.13 MB|uhttps://publications.gc.ca/collections/collection_2025/eccc/en37/En37-656-1993.pdf